000
00309nam a22001337a 4500
008
170606b xxu||||| |||| 00| 0 eng d
020
_a
0876091745
041
_a
eng
080
_a
94
100
_a
18
101
_a
SHH
245
_a
DEMOCRACY AND VIOLENCE IN INDIA AND SRI LANKA
_c
AUSTIN,D
942
_2
udc
_c
BK
999
_c
16073
_d
16073